| 000 | 01247 a2200349 4500 | ||
|---|---|---|---|
| 999 |
_c200130463 _d30694 |
||
| 001 | 200130463 | ||
| 003 | TR-AnTOB | ||
| 005 | 20201210170400.0 | ||
| 008 | 190704b xxu||||| |||| 00| 0 tur d | ||
| 020 | _a9786054538935 | ||
| 040 |
_aTR-AnTOB _beng _erda _cTR-AnTOB |
||
| 041 | _atur | ||
| 050 | 1 | 4 |
_aHD30.28 _b.H36419 2013 |
| 090 |
_aHD30.28 _b.H36419 2013 |
||
| 100 | 1 |
_aHamel, Gary _919229 _eauthor |
|
| 240 | 1 | 0 |
_aWhat matters now. _lTurkish. |
| 245 | 1 | 0 |
_aŞimdi ne yapıyoruz; _bAmansız değişim, şiddetli rekabet ve durmak bilmez inovasyon dünyasında başarıya nasıl ulaşabilirsiniz / _cGary Hamel ; çeviren: Ümit Şensoy. |
| 264 | 1 |
_aİstanbul: _bOptimist yayın dağıtım , _c2013. |
|
| 300 |
_a312 pages ; _c22 cm. |
||
| 336 |
_2rdacontent _atext _btxt |
||
| 337 |
_2rdamedia _aunmediated _bn |
||
| 338 |
_2rdacarrier _avolume _bnc |
||
| 490 | 0 |
_aOptimist ; _v336 |
|
| 504 | _aIncludes bibliographical references (301-310). | ||
| 650 | 7 |
_aYönetim _2etuturkob _955081 |
|
| 650 | 7 |
_aÖrgütsel değişim _2etuturkob _918788 |
|
| 650 | 7 |
_aÖrgütsel etkinlik _2 _930657 |
|
| 650 | 7 |
_aStratejik planlama _2etuturkob _91860 |
|
| 700 | 1 |
_aŞensoy, Ümit _etranslator _9102989 |
|
| 942 |
_cBK _2lcc |
||